000 00432nam a2200181Ia 4500
001 10461
005 20260306161834.0
008 260306t1989||||xx |||||||||||||| ||spa||
041 _aESP
082 _a930.09
_bF54A
100 _aFisas, Carlos
_eAUT
245 0 _aHistorias de la historia:
_bCuarta serie
260 _c1989
300 _a230 páginas :
_c20 cm.
650 _aGEN
654 _aCHU
942 _cLIB
_dJUS
_fJUS
_2ddc
_n
999 _c10461
_d10461